| 000 | 00945nam a2200301 a 4500 | ||
|---|---|---|---|
| 008 | |||
| 020 | _a1860162231 (pkk.) | ||
| 020 | _a186016210X (set) | ||
| 049 | _aMAIN | ||
| 090 |
_aRC454 _bMED |
||
| 245 | 1 | 0 |
_aMedical masterclass : _bneurology, opthalmology and psychiatry / _c[edited by] John D. Firth... [et al.] |
| 246 | _aNeurology, ophthalmology and psychiatry. | ||
| 260 |
_aLondon : _bRoyal College of Physicians, _c2004. |
||
| 300 |
_axi, 236 p. : _bill. (some col.); _c30cm. |
||
| 440 | _aMedical Masterclass. | ||
| 500 | _aLearning materials for the MRCP (UK) examinations. | ||
| 500 | _aIncludes index. | ||
| 650 | _aMedicine. | ||
| 650 | _aOphthalmology. | ||
| 650 | _aNeurology. | ||
| 650 | _aPsychiatry. | ||
| 700 | _aFirth, John D. | ||
| 907 |
_a.b10257032 _b16-05-12 _c06-11-08 |
||
| 003 | |||
| 005 | 20230120204005.0 | ||
| 040 | _cNUST | ||
| 942 |
_cBOOKS _kRC454 _mMED |
||
| 999 |
_c115157 _d115157 |
||